000 00333nam a22001457a 4500
020 _a978-1-78800-1182
082 _a823
_bBUT/B
100 _aBUTCHART,PAMELA
245 _aTHE BABY BROTHER FROM OUTER SPACE
260 _aUK
_bNOSY CROW LTD
_c2018
300 _a91
520 _aENGLISH STORY
650 _aENGLISH STORY
942 _cBK
999 _c5718
_d5718